000 00319 a2200157 4500
001 177181
020 _a
040 _cMagnum
100 _aZiraldo
240 1 0 _aLicao de geografia
_lpor
245 1 0 _aLicao de geografia
362 0 _a1899
440 1 _aMelhoramentos
697 _aMAGNITO: I/GERAL
942 _cBK
999 _c177181
_d177181